Szczegóły MARC21

History of structuralism. T. 2, The sign sets, 1967-present /

003 -Nazwa inst., której nr kontr. jest w polu 001 [,]
    • @
    • Nazwa instytucji, której n kontrolny jest w polu 001
    • NUKAT
005 -DATA I CZAS OSTATNIEJ MODYFIKACJI [,]
    • @
    • pole kontrolne
    • 20241231115128.0
020 -Międzynarod. znormalizowany nr książki - ISBN [ , ]
    • a
    • Numer ISBN
    • 0816622396 Find
    • q
    • Dopowiedzenie
    • v. 1 : hc : alk. paper
020 -Międzynarod. znormalizowany nr książki - ISBN [ , ]
    • a
    • Numer ISBN
    • 0816622418 Find
    • q
    • Dopowiedzenie
    • v.1 : pbk. : alk. paper
020 -Międzynarod. znormalizowany nr książki - ISBN [ , ]
    • a
    • Numer ISBN
    • 0816623708 Find
    • q
    • Dopowiedzenie
    • v. 2 : hc : alk. paper
020 -Międzynarod. znormalizowany nr książki - ISBN [ , ]
    • a
    • Numer ISBN
    • 0816623716 Find
    • q
    • Dopowiedzenie
    • v. 2 : pbk. : alk. paper
020 -Międzynarod. znormalizowany nr książki - ISBN [ , ]
    • a
    • Numer ISBN
    • 081662240X Find
    • q
    • Dopowiedzenie
    • set : hc : alk. paper
020 -Międzynarod. znormalizowany nr książki - ISBN [ , ]
    • a
    • Numer ISBN
    • 081662254X Find
    • q
    • Dopowiedzenie
    • set : pbk. : alk. paper
040 -Instytucja sporządzająca opis [ , ]
    • a
    • Instytucja, która sporządziła opis (NP)
    • WA 004/aj
    • b
    • Język katalogowania
    • pol
    • e
    • Zasady katalogowania
    • rda
    • c
    • Instytucja, która sporządziła rekord (NP)
    • WA 004/aj
    • d
    • Instytucja, która zmodyfikowała rekord (P)
    • WA 004/ajs
    • d
    • Instytucja, która zmodyfikowała rekord (P)
    • WA 004/kj
041 -Język dokumentu [1, ]
    • a
    • Język tekstu (P)
    • angielski
    • h
    • Język tekstu oryginalnego i/lub pośredniego (P)
    • francuski
044 -Kraj miejsca wydania [ , ]
    • a
    • Kraj miejsca wydania
    • Stany Zjednoczone po 1988
    • a
    • Kraj miejsca wydania
    • Wielka Brytania po 1988
942 -Rodzaj dokumentu [ , ]
    • c
    • Rodzaj dokumentu
    • Książka
100 -Hasło główne - nazwa osobowa [1, ]
    • a
    • Nazwa osobowa (NP)
    • Dosse, François
    • d
    • Daty biograficzne (NP)
    • (1950- ).
    • e
    • Rodzaj współpracy
    • Autor
    • 9
    • KHW
    • 475485
240 -Tytuł ujednolicony [1,0]
    • a
    • Tytuł ujednolicony
    • Histoire du structuralisme
    • l
    • Język tekstu
    • (ang.)
    • 9
    • KHW
    • 649503
245 -Strefa tytułu i oznaczenia odpowiedzialności [1,0]
    • a
    • Tytuł
    • History of structuralism. Find
    • n
    • Oznaczenie części (P)
    • T. 2,
    • p
    • Nazwa części (P)
    • The sign sets, 1967-present /
    • c
    • Pozostałe elementy strefy tytułu i oznaczenia odpowiedzialności (NP)
    • François Dosse ; translated by Deborah Glassman.
246 -Wariant tytułu [3,0]
    • a
    • Tytuł (NP)
    • Sign sets, 1967-present
250 -Strefa wydania [ , ]
    • a
    • Oznaczenie wydania (NP)
    • First paperback edition.
260 -Strefa adresu wydawniczego [ , ]
    • a
    • Miejsce wydania (P)
    • Minneapolis ;
    • a
    • Miejsce wydania (P)
    • London :
    • b
    • Nazwa wydawcy (P)
    • University of Minnesota Press,
    • c
    • Data wydania (P)
    • 1998.
300 -Strefa opisu fizycznego [ , ]
    • a
    • Określenie formy książki i/lub objętość (NP)
    • XVI, 517 stron, [8] stron tablic :
    • b
    • Oznaczenie ilustracji (NP)
    • ilustracje ;
    • c
    • Format (NP)
    • 23 cm.
336 -Typ zawartości [ , ]
    • a
    • Termin opisujący typ zawartości
    • Tekst
    • b
    • Kod określający zawartość
    • txt
    • 2
    • Źródło (terminu i kodu)
    • rdacontent
337 -Typ mediów [ , ]
    • a
    • Tryb odtwarzania
    • Bez urządzenia pośredniczącego
    • b
    • Kod typu mediów
    • n
    • 2
    • Źródło (terminu i kodu)
    • rdamedia
338 -Typ/rodzaj nośnika [ , ]
    • a
    • Hasło opisujące typ nośnika
    • Wolumin
    • b
    • Kod typu nośnika
    • nc
    • 2
    • Źródło (terminu i kodu)
    • rdacarrier
504 -Uwaga dot. bibliogr. załącznikowej [ , ]
    • a
    • Uwaga dot. bibliografii załącznikowej
    • Indeks.
080 -Uniwersalna Klasyfikacja Dziesiętna [ , ]
    • a
    • Symbol klasyfikacji
    • 165=20
650 -Hasło przedmiotowe [ ,7]
    • a
    • Hasło przedmiotowe
    • Strukturalizm
    • x
    • Określnik rzeczowy
    • historia.
    • 2
    • Źródło terminu
    • kaba
    • 9
    • KHW
    • 561765
650 -Hasło przedmiotowe [ ,7]
    • a
    • Hasło przedmiotowe
    • Filozofia
    • z
    • Określnik geograficzny
    • Francja
    • y
    • Określnik chronologiczny
    • 1970-2000.
    • 2
    • Źródło terminu
    • kaba
    • 9
    • KHW
    • 648963
980 -Symbol UKD [ , ]
    • a
    • UKD
    • 165=20
700 -Hasło dodatkowe - nazwa osobowa [1, ]
    • a
    • Nazwa osobowa (NP)
    • Glassman, Deborah. Find
    • e
    • Określenie rodzaju współpracy
    • Tłumaczenie
    • 9
    • KHW
    • 650097
710 -Hasło dodatkowe - nazwa ciała zbiorowego [2, ]
    • a
    • Nazwa ciała zbiorowego lub nazwa geograficzna jako pierwszy element (NP)
    • University of Minnesota Press.
    • e
    • Rodzaj współpracy
    • Wydawca
    • 4
    • Kod relacji
    • pbl
    • 9
    • KHW
    • 79871
920 -ISBN [ , ]
    • a
    • ISBN
    • 0-8166-2241-8 Find
    • q
    • Dopowiedzenie
    • v.1 : pbk. : alk. paper
920 -ISBN [ , ]
    • a
    • ISBN
    • 0-8166-2370-8 Find
    • q
    • Dopowiedzenie
    • v. 2 : hc : alk. paper
920 -ISBN [ , ]
    • a
    • ISBN
    • 0-8166-2371-6 Find
    • q
    • Dopowiedzenie
    • v. 2 : pbk. : alk. paper
920 -ISBN [ , ]
    • a
    • ISBN
    • 0-8166-2240-X Find
    • q
    • Dopowiedzenie
    • set : hc : alk. paper
920 -ISBN [ , ]
    • a
    • ISBN
    • 0-8166-2254-X Find
    • q
    • Dopowiedzenie
    • set : pbk. : alk. paper
920 -ISBN [ , ]
    • a
    • ISBN
    • 0-8166-2239-6 Find
    • q
    • Dopowiedzenie
    • v. 1 : hc : alk. paper
Sygnatura Lokalizacja Data inwentaryzacji Numer inwentarzowy Status udost.
ANG. Filozofia 23BM2003-11-13A.70531
 BM2002-04-15A.64181